| 000 | 00772nam a2200217Ia 4500 | ||
|---|---|---|---|
| 001 | 15286 | ||
| 003 | GE_BSU | ||
| 008 | 181216s||||||||xx |||||||||||||| ||und|| | ||
| 040 | _cGE_BSU | ||
| 080 | _a821.353.1+821.353.1-1 | ||
| 100 | _aშანშიაშვილი, სანდრო | ||
| 245 | _aრჩეული თხზულებანი 4 ტომად. ტ.3 | ||
| 245 | _bლექსები, ბალადები, პოემები | ||
| 260 | _aთბილისი | ||
| 260 | _bსაბჭოთა საქართველო | ||
| 260 | _c1963 | ||
| 300 | _a363გვ.23სმ. | ||
| 653 | _aლექსები, ბალადები, პოემები | ||
| 653 | _aმოთხრობები. | ||
| 942 | _cBK | ||
| 999 |
_c48395 _d48395 |
||